<?xml version="1.0" encoding="UTF-8"?>
<collection xmlns="http://www.loc.gov/MARC21/slim">
<record>
  <controlfield tag="001">121428</controlfield>
  <controlfield tag="005">20241024130536.0</controlfield>
  <datafield tag="024" ind1="7" ind2=" ">
    <subfield code="2">doi</subfield>
    <subfield code="a">10.23923/rpye2023.01.229</subfield>
  </datafield>
  <datafield tag="024" ind1="8" ind2=" ">
    <subfield code="2">sideral</subfield>
    <subfield code="a">131973</subfield>
  </datafield>
  <datafield tag="037" ind1=" " ind2=" ">
    <subfield code="a">ART-2023-131973</subfield>
  </datafield>
  <datafield tag="041" ind1=" " ind2=" ">
    <subfield code="a">spa</subfield>
  </datafield>
  <datafield tag="100" ind1=" " ind2=" ">
    <subfield code="a">Hernández-Ballester, Cristina</subfield>
  </datafield>
  <datafield tag="245" ind1=" " ind2=" ">
    <subfield code="a">Estrés en tiempos de confinamiento: estrategias de afrontamiento y crecimiento postraumático en población universitaria.</subfield>
  </datafield>
  <datafield tag="260" ind1=" " ind2=" ">
    <subfield code="c">2023</subfield>
  </datafield>
  <datafield tag="506" ind1="0" ind2=" ">
    <subfield code="a">Access copy available to the general public</subfield>
    <subfield code="f">Unrestricted</subfield>
  </datafield>
  <datafield tag="520" ind1="3" ind2=" ">
    <subfield code="a">Antecedentes. La aparición del virus COVID-19 hizo que los universitarios experimentaran el cierre de su actividad académica mientras estaban sometidos al confinamiento obligatorio (situación excepcional). Por ello, el objetivo de este trabajo con carácter retrospectivo fue analizar los niveles de estrés, ansiedad y depresión en el alumnado universitario en el período de marzo a mayo del año 2020, evaluar sus estrategias de afrontamiento y si experimentaron crecimiento postraumático. Método. Participaron un total de 239 universitarios (85,3% mujeres y 14,7% hombres). La edad se dividió en 3 categorías: 18-22/23-27/28 o más, siendo la franja de edad comprendida entre los 18-22 años (83,7%) la más frecuente. Se realizaron análisis descriptivos y pruebas de comparación de medias entre las variables evaluadas. Resultados. Se observaron niveles de estrés significativamente superiores a los de depresión y ansiedad; el alumnado utilizó en mayor medida estrategias de afrontamiento adaptativas, presentando el 44,6% niveles moderados de crecimiento postraumático, y un 10,4% niveles elevados. Por otro lado, los estudiantes con mayores niveles de estrés utilizaron en mayor medida estrategias desadaptativas, sin presentar diferencias respecto al crecimiento postraumático. Conclusión. Existe la necesidad de promover entre el alumnado estrategias de afrontamiento más activas, con el fin de fomentar un mayor crecimiento tras situaciones estresantes</subfield>
  </datafield>
  <datafield tag="540" ind1=" " ind2=" ">
    <subfield code="9">info:eu-repo/semantics/openAccess</subfield>
    <subfield code="a">by-nc-nd</subfield>
    <subfield code="u">http://creativecommons.org/licenses/by-nc-nd/3.0/es/</subfield>
  </datafield>
  <datafield tag="655" ind1=" " ind2="4">
    <subfield code="a">info:eu-repo/semantics/article</subfield>
    <subfield code="v">info:eu-repo/semantics/publishedVersion</subfield>
  </datafield>
  <datafield tag="700" ind1=" " ind2=" ">
    <subfield code="a">Ferrer-Pérez, Carmen</subfield>
    <subfield code="u">Universidad de Zaragoza</subfield>
    <subfield code="0">(orcid)0000-0002-8890-4869</subfield>
  </datafield>
  <datafield tag="700" ind1=" " ind2=" ">
    <subfield code="a">Montagud-Romero, Sandra</subfield>
  </datafield>
  <datafield tag="700" ind1=" " ind2=" ">
    <subfield code="a">Blanco-Gandía, María del Carmen</subfield>
    <subfield code="u">Universidad de Zaragoza</subfield>
    <subfield code="0">(orcid)0000-0001-5990-1266</subfield>
  </datafield>
  <datafield tag="700" ind1=" " ind2=" ">
    <subfield code="a"></subfield>
  </datafield>
  <datafield tag="710" ind1="2" ind2=" ">
    <subfield code="1">4009</subfield>
    <subfield code="2">735</subfield>
    <subfield code="a">Universidad de Zaragoza</subfield>
    <subfield code="b">Dpto. Psicología y Sociología</subfield>
    <subfield code="c">Área Psicolog.Evolut.Educac</subfield>
  </datafield>
  <datafield tag="773" ind1=" " ind2=" ">
    <subfield code="g">18, 1 (2023), 1-10</subfield>
    <subfield code="p">Rev. psicol. educ.</subfield>
    <subfield code="t">Revista de psicología y educación</subfield>
    <subfield code="x">1699-9517</subfield>
  </datafield>
  <datafield tag="856" ind1="4" ind2=" ">
    <subfield code="s">613706</subfield>
    <subfield code="u">http://zaguan.unizar.es/record/121428/files/texto_completo.pdf</subfield>
    <subfield code="y">Versión publicada</subfield>
  </datafield>
  <datafield tag="856" ind1="4" ind2=" ">
    <subfield code="s">2106914</subfield>
    <subfield code="u">http://zaguan.unizar.es/record/121428/files/texto_completo.jpg?subformat=icon</subfield>
    <subfield code="x">icon</subfield>
    <subfield code="y">Versión publicada</subfield>
  </datafield>
  <datafield tag="909" ind1="C" ind2="O">
    <subfield code="o">oai:zaguan.unizar.es:121428</subfield>
    <subfield code="p">articulos</subfield>
    <subfield code="p">driver</subfield>
  </datafield>
  <datafield tag="951" ind1=" " ind2=" ">
    <subfield code="a">2024-10-24-13:01:43</subfield>
  </datafield>
  <datafield tag="980" ind1=" " ind2=" ">
    <subfield code="a">ARTICLE</subfield>
  </datafield>
</record>
</collection>